Evaluation : (Record no. 3201)
[ view plain ]
| 000 -LEADER | |
|---|---|
| fixed length control field | nam a22 a 4500 |
| 003 - CONTROL NUMBER IDENTIFIER | |
| control field | AKMAL |
| 005 - DATE AND TIME OF LATEST TRANSACTION | |
| control field | 20170519163618.0 |
| 008 - FIXED-LENGTH DATA ELEMENTS--GENERAL INFORMATION | |
| fixed length control field | 170519s19921982xxu 00 eng d |
| 020 ## - INTERNATIONAL STANDARD BOOK NUMBER | |
| International Standard Book Number | 0787951234 (pbk.): |
| Terms of availability | RM 80.14 |
| 040 ## - CATALOGING SOURCE | |
| Original cataloging agency | AKMAL |
| Transcribing agency | AKMAL |
| 082 04 - DEWEY DECIMAL CLASSIFICATION NUMBER | |
| Classification number | 658.312404 MER |
| 090 20 - LOCALLY ASSIGNED LC-TYPE CALL NUMBER (OCLC); LOCAL CALL NUMBER (RLIN) | |
| Classification number (OCLC) (R) ; Classification number, CALL (RLIN) (NR) | 658.312404 |
| Local cutter number (OCLC) ; Book number/undivided call number, CALL (RLIN) | MER |
| 100 1# - MAIN ENTRY--PERSONAL NAME | |
| Personal name | Merwin, Sandra |
| 9 (RLIN) | 6583 |
| 245 10 - TITLE STATEMENT | |
| Title | Evaluation : |
| Remainder of title | 10 significant ways for measuring and improving training impact / |
| Statement of responsibility, etc. | Sandra Merwin ; introduction by Bob Pike |
| 260 ## - PUBLICATION, DISTRIBUTION, ETC. | |
| Place of publication, distribution, etc. | San Francisco : |
| Name of publisher, distributor, etc. | Jossey-Bass Pfeiffer, |
| Date of publication, distribution, etc. | 1992 |
| 300 00 - PHYSICAL DESCRIPTION | |
| Extent | vii, 68p. : |
| Other physical details | ill. ; |
| Dimensions | 26cm |
| 504 ## - BIBLIOGRAPHY, ETC. NOTE | |
| Bibliography, etc. note | Bibliography: p. 65-68 |
| 650 #0 - SUBJECT ADDED ENTRY--TOPICAL TERM | |
| Topical term or geographic name entry element | Employees, Training of |
| 9 (RLIN) | 6508 |
| 700 1# - ADDED ENTRY--PERSONAL NAME | |
| Personal name | Pike, Bob |
| 9 (RLIN) | 6584 |
| 942 ## - ADDED ENTRY ELEMENTS (KOHA) | |
| Source of classification or shelving scheme | |
| Koha item type | Book |
| 949 ## - LOCAL PROCESSING INFORMATION (OCLC) | |
| 6 | 1000251535 |
| Withdrawn status | Lost status | Source of classification or shelving scheme | Damaged status | Not for loan | Collection code | Home library | Current library | Date acquired | Inventory number | Total Checkouts | Full call number | Barcode | Date last seen | Price effective from | Koha item type |
|---|---|---|---|---|---|---|---|---|---|---|---|---|---|---|---|
| NON-FICTION | AKMAL Melaka | AKMAL Melaka | 19.05.2017 | 602164 | 658.312404 MER | 201704203 | 19.05.2017 | 19.05.2017 | Book |
